| 000 | 01609nam a22002657a 4500 | ||
|---|---|---|---|
| 005 | 20171228103006.0 | ||
| 008 | 171228b xxu||||| |||| 00| 0 eng d | ||
| 010 | _aB-685419 | ||
| 020 |
_c400.00 _a8126014172 |
||
| 035 | _aB-685419 | ||
| 037 | _bनॉथ इण्डिया पब्लिशर्स | ||
| 040 |
_adpl _bHN |
||
| 082 | _aउ | ||
| 100 | _924027 | ||
| 245 |
_aज्ञान सिंह 'शातिर '/ _cख़ुर्शीद आलम द्वारा उर्दू से हिन्दी में अनुदित |
||
| 246 |
_aGyan Singh ' Shatir' _btranslated by Khurshid Alam |
||
| 260 |
_aनई दिल्ली _bसाहित्य अकादेमी _c2002 |
||
| 270 |
_aरवीन्द्र भवन, 35, फीरोजशाह मार्ग, _bनई दिल्ली _e110001 |
||
| 300 |
_a608पृ. _c22सेमी(सजिल्द) |
||
| 500 | _aसाहित्य अकादेमी से पुरस्कृत ज्ञान सिंह 'शातिर' का उर्दू उपन्यास | ||
| 505 | _aराष्ट्रपति भवन | ||
| 700 |
_924028 _aख़ुर्शीद आलम |
||
| 942 |
_cHN _2ddc _hउ _mज्ञानसिं |
||
| 999 |
_c148504 _d148504 |
||